00335nam a2200133Ia 4500003000400000008004100004020002400045040000800069100001600077245004900093260003100142300001500173365001300188LDD181029s9999 xx 000 0 und d a471123269cUS25.95 cLDD aHOOK, Brian 0aBuilding a 3D game engine in C++cBrian HOOK aNew YorkbJohn Wileyc1995 axxv,421p.+ bUS25.95